000 00970nam a22002657a 4500
999 _c65913
_d65913
005 20240530110849.0
008 200912s2020 ua a f b 000 0dara d
017 _a2019/38471
_bمصر. دار الكتب
040 _aEG-CaGPL
_cEG-CaGPL
082 0 4 _221
_a302.234\
_bح إ
100 0 _aحسنين شفيق
245 1 2 _aالاعلام والتنمر التقليدى والجديد :
_bكيفية التغطية وطرق المعالجة /
_cحسنين شفيق
250 _aط.1
260 _aالقاهرة :
_bدار فكر وفن،
_c2020
300 _a325 ص. ؛
_c24 سم.
504 _aيشتمل على ارجاعات ببليوجرافية
650 0 7 _aالاعلام
_2qrmak
650 0 7 _aالتنمر
_2qrmak
650 0 7 _aالتنمر
_zمصر
_2qrmak
650 0 7 _aوسائل الاعلام
_2qrmak
651 _2qrmak
653 0 _aالتنمر فى الاعلام
942 _2ddc
_cBK